Merateľné a nemerateľné ciele v PR a media relations
Public relations vrátane media relations spravidla majú vo vnútri firmy na starosti marketingové oddelenia, či oddelenia styku s verejnosťou, prípadne mediálne oddelenia pod. Služby PR však možno zveriť aj PR agentúre, ktorých je aj na slovenskom mediálnom trhu dostatok, celosvetovo sa odhaduje, že...
Salvato in:
| Autore principale: | |
|---|---|
| Natura: | Capitolo di libro |
| Lingua: | slovacco |
| Soggetti: | |
| Tags: |
Nessun Tag, puoi essere il primo ad aggiungerne!!
|
MARC
| LEADER | 00000nla a2200000 4500 | ||
|---|---|---|---|
| 001 | 0186330 | ||
| 005 | 20240208121641.7 | ||
| 041 | 0 | |a slo | |
| 044 | |a SK | ||
| 245 | 1 | 0 | |a Merateľné a nemerateľné ciele v PR a media relations |c Eva Chudinová |
| 520 | |a Public relations vrátane media relations spravidla majú vo vnútri firmy na starosti marketingové oddelenia, či oddelenia styku s verejnosťou, prípadne mediálne oddelenia pod. Služby PR však možno zveriť aj PR agentúre, ktorých je aj na slovenskom mediálnom trhu dostatok, celosvetovo sa odhaduje, že 35-40% PR pracovníkov pripadá na PR agentúry. Je preto na rozhodnutí subjektu, spoločnosti, firmy, či uprednostní v procese PR profesionálnu agentúru alebo interných zamestnancov. Najdôležitejšia je skutočnosť, kto dokáže lepšie definovať ciele PR a media relations a aký spôsob zvolí pri ich vyhodnocovaní. Dnes sú k dispozícii overené metódy na vyhodnocovanie externých aj interných PR a media relations, ktoré je súčasťou prieskumu trhu. | ||
| 610 | 2 | 0 | |a médiá |
| 610 | 2 | 0 | |a práca s verejnosťou |
| 610 | 2 | 0 | |a reklama |
| 610 | 2 | 0 | |a marketing |
| 100 | 1 | |a Chudinová, Eva | |